000 00686nam a2200229Ia 4500
003 OSt
005 20221005022520.0
006 a|||||r|||| 00| 0
007 ta
008 221004b |||||||| |||| 00| 0 eng d
024 _a90623
037 _cTextual
040 _aCRL
_cCRL
_beng
041 _2eng
_aeng
082 _aZ1:(W:5), M0
100 _aThe International law associtaion Allahabad - center
_9578169
245 4 _aHuman rights
_b Proceedings
260 _aAllahabad
_bThe Allahabad Polytechnic India
_c1980
300 _a303p.
_ccm.
942 _hZ1:(W:5), M0
_cTEXL
_2cc
999 _c929530
_d929530